Annales des sciences naturelles. Botanique.
| New Title: | Annales des sciences naturelles. Botanique et biologie végétale |
|---|---|
| Previous Title: | Annales des sciences naturelles Archives de botanique |
| Format: | Serial |
| Language: | French English |
| Language Notes: | In French with some English. |
| Published: |
Paris :
Fortin, Masson et Cie.
|
| Subjects: | |
| Online Availability: |
|
MARC
| Tag | First Indicator | Second Indicator | Subfields |
|---|---|---|---|
| LEADER | 00000cas a2200000 a 4500 | ||
| 001 | in00000307192 | ||
| 005 | 20151010143631.0 | ||
| 008 | 750727d18341937fr uuzm 0 b0fre d | ||
| 010 | |a 89641916 | ||
| 016 | 7 | |a 0001757 |2 DNLM | |
| 016 | 7 | |a A33365000 |2 DNLM | |
| 019 | |a 5887097 | ||
| 022 | |a 0150-9314 | ||
| 029 | 1 | |a NLM |b 0001757 | |
| 029 | 1 | |a NLGGC |b 84377312X | |
| 030 | |a ASNVAI | ||
| 035 | |a (OCoLC)ocm01481304 | ||
| 035 | |a (OCoLC)01481304 | ||
| 035 | |9 ABH5612AM | ||
| 040 | |a MUL |c MUL |d FUL |d COO |d YUS |d SER |d NYG |d OCL |d AIP |d DLC |d NST |d HUL |d NLM |d OCLCQ |d NLGGC |d UtOrBLW | ||
| 041 | 0 | |a fre |a eng | |
| 042 | |a nsdp |a lc | ||
| 049 | |a TXAM | ||
| 050 | 0 | 0 | |a QH3 |b .A61 |
| 060 | 0 | 0 | |a W1 |b AN397T |
| 092 | |a 580.5 |b A61 | ||
| 210 | 0 | |a Ann. sci. nat., Bot. | |
| 222 | 0 | |a Annales des sciences naturelles. Botanique | |
| 245 | 0 | 0 | |a Annales des sciences naturelles. |p Botanique. |
| 246 | 3 | 0 | |a Botanique |
| 264 | 1 | |a Paris : |b Fortin, Masson et Cie. | |
| 300 | |a volumes : |b illustrations ; |c 25 cm. | ||
| 336 | |a text |b txt |2 rdacontent | ||
| 337 | |a unmediated |b n |2 rdamedia | ||
| 338 | |a volume |b nc |2 rdacarrier | ||
| 362 | 1 | |a Began with 2e sér., t. 1 (1834) and ceased with t. 19 (1937). | |
| 500 | |a Description based on: 3e sér., t. 1 (1844). | ||
| 500 | |a Title varies slightly. | ||
| 510 | 2 | |a Chemical abstracts |x 0009-2258 |b 1834-1937 | |
| 515 | |a Numbered in series of twenty vols. each, e.g. sér. 2, v. 1-20; sér. 3, v. 1-20, etc. | ||
| 515 | |a Continues the vol. numbering of Annales des sciences naturelles. | ||
| 546 | |a In French with some English. | ||
| 555 | |a Beginning with sér. 3, an index is published for each series in v. 20 of that series. | ||
| 650 | 0 | |a Botany. | |
| 650 | 0 | |a Biology. | |
| 650 | 1 | 7 | |a Plantkunde. |2 gtt |
| 780 | 0 | 1 | |t Annales des sciences naturelles |w (DLC) 46041842 |w (OCoLC)2444835 |
| 780 | 0 | 0 | |t Archives de botanique |w (OCoLC)1482056 |
| 785 | 0 | 0 | |t Annales des sciences naturelles. Botanique et biologie végétale |w (DLC) 46041841 |w (OCoLC)5887102 |
| 850 | |a CU-Riv |a CoU |a DLC |a MBCo |a MH-A |a MH-F |a NSyU |a NcD |a NcRS | ||
| 994 | |a C0 |b TXA | ||
| 999 | |a MARS | ||
| 999 | f | f | |s 57cd55b1-8721-3304-8c5f-76f9a934bcd7 |i ab98530c-e7ea-31f0-8bcf-04068e44fe68 |t 0 |
| 952 | f | f | |p noncirc |a Texas A&M University |b College Station |c Cushing Memorial Library & Archives |d Cushing: Rare Books (Does not check out) |t 0 |e QH3 .A61 |h Library of Congress classification |i unmediated -- volume |k ser.4:t.6 |l 1856 |m A1485297538J |
| 952 | f | f | |p noncirc |a Texas A&M University |b College Station |c Cushing Memorial Library & Archives |d Cushing: Rare Books (Does not check out) |t 0 |e QH3 .A61 |h Library of Congress classification |i unmediated -- volume |k ser.3:t.8 |l 1847 |m A1485297536H |
| 952 | f | f | |p noncirc |a Texas A&M University |b College Station |c Cushing Memorial Library & Archives |d Cushing: Rare Books (Does not check out) |t 0 |e QH3 .A61 |h Library of Congress classification |i unmediated -- volume |
| 952 | f | f | |p noncirc |a Texas A&M University |b College Station |c Cushing Memorial Library & Archives |d Cushing: Rare Books (Does not check out) |t 0 |e QH3 .A61 |h Library of Congress classification |i unmediated -- volume |k ser.3:t.10 |l 1848 |m A1485297537I |
| 952 | f | f | |p noncirc |a Texas A&M University |b College Station |c Cushing Memorial Library & Archives |d Cushing: Rare Books (Does not check out) |t 0 |e QH3 .A61 |h Library of Congress classification |i unmediated -- volume |k ser.5:t.3 |l 1865 |m A1485297540C |
| 952 | f | f | |p noncirc |a Texas A&M University |b College Station |c Cushing Memorial Library & Archives |d Cushing: Rare Books (Does not check out) |t 0 |e QH3 .A61 |h Library of Congress classification |i unmediated -- volume |k ser.5:t.2 |l 1864 |m A1485297539K |
| 998 | f | f | |a QH3 .A61 |s ser.10:t.1 (1919)-t.19 (1937) |t 0 |l Cushing: Rare Books (Does not check out) |